Survivor Season by Logo Quiz Stats

Quiz not verified by Sporcle

Challenge
Share
Tweet
Score 0/26 Timer 11:00
0 Plays Today
% Correct
Survivor: China
97.7%
Survivor: Africa
94.4%
Survivor: Palau
84.6%
Survivor: Borneo
83.8%
Survivor: Thailand
82.4%
Survivor: Tocantins - The Brazilian Highlands
81.1%
Survivor: The Australian Outback
80.1%
Survivor: Cook Islands
79.3%
Survivor: Gabon - Earth's Last Eden
77.9%
Survivor: Vanuatu - Islands of Fire
76.7%
Survivor: All-Stars
76.2%
Survivor: Guatemala - The Mayan Empire
75.9%
Survivor: The Amazon
75.8%
% Correct
Survivor: Pearl Islands
75.1%
Survivor: Panama - Exile Island
72.8%
Survivor: Heroes vs. Villains
72.4%
Survivor: Marquesas
72.3%
Survivor: South Pacific
72.2%
Survivor: Micronesia - Fans vs. Favorites
71.6%
Survivor: Nicaragua
70.6%
Survivor: Fiji
69.6%
Survivor: Redemption Island
69.2%
Survivor: One World
68.9%
Survivor: Samoa
67.6%
Survivor: Philippines
65.5%
Survivor: Caramoan
63.6%

You're not logged in!

Compare scores with friends on all Sporcle quizzes.
Join for Free
OR
Log In

You Might Also Like...

Show Comments

Extras

Top Quizzes Today


Score Distribution

Your Account Isn't Verified!

In order to create a playlist on Sporcle, you need to verify the email address you used during registration. Go to your Sporcle Settings to finish the process.

Report this User

Report this user for behavior that violates our Community Guidelines.

Details: